La materia orgánica en los agrosistemas: aproximación al conocimiento de la dinámica, la gestión y la reutilización de la materia orgánica en los agrosistemas

Salvato in:
Dettagli Bibliografici
Autore principale: Labrador Moreno, Juana (Autore)
Natura: Libro
Lingua:spagnolo
Pubblicazione: Madrid Mundi Prensa 2001
Edizione:2a. ed
Soggetti:
Tags: Aggiungi Tag
Nessun Tag, puoi essere il primo ad aggiungerne!!

MARC

LEADER 00000nam a2200000 a 4500
001 UCM4405
003 CL-VaPUC
008 020823e20010000SP |||||||||||||||||spa|d
082 0 4 |a 631.42  |b LAB  |2 21 
100 |a Labrador Moreno, Juana  |e author  |9 470937 
245 1 3 |a La materia orgánica en los agrosistemas: aproximación al conocimiento de la dinámica, la gestión y la reutilización de la materia orgánica en los agrosistemas 
250 |a 2a. ed 
300 |a 293 p 
942 |c BK 
945 |d 20020823 00:00:00  |a vberengu 
260 |a Madrid  |b Mundi Prensa  |c 2001 
650 0 |a Materia orgánica  |9 348286 
650 7 |a COMPUESTOS ORGANICOS  |2 CL-VaPUC  |9 306788 
650 7 |a BIODEGRADACION  |2 CL-VaPUC  |9 323969 
650 7 |a RESIDUOS ORGANICOS  |2 CL-VaPUC  |9 264500 
583 |a last modification  |c 20020823 00:00:00  |k Rodrigo Vera 
999 |c 301125  |d 301123 
952 |0 0  |1 0  |4 0  |6 631_420000000000000_LAB_2001  |7 0  |8 A  |9 359847  |a BIBING  |b BIBING  |d 2019-11-21  |i 3839001  |o 631.42 LAB 2001  |p 3839001  |r 2023-03-02  |w 2019-11-21  |y BK  |k CCL